[Event "IOM Open-Masters 2017"]
[Site "Douglas"]
[Date "2017.09.29"]
[Round "7"]
[White "Mueller, Philipp"]
[Black "Kjartansson, Gudmundur"]
[Result "1/2-1/2"]
[WhiteElo "2220"]
[BlackElo "2456"]
[Annotator "TA"]
[PlyCount "104"]
[EventDate "2017.??.??"]
[EventType "swiss"]
[EventCountry "GBR"]
[SourceTitle "playchess.com"]
[Source "ChessBase"]
[SourceQuality "1"]

{[%evp 12,104,26,25,37,20,23,10,15,4,18,4,27,0,0,0,0,-54,-45,-50,-11,-25,6,-14,0,-11,0,-33,0,2,8,-31,0,0,0,-32,0,0,0,0,7,0,0,0,0,-15,195,95,213,102,125,130,116,100,84,77,269,279,242,248,244,271,279,268,277,262,259,202,293,283,400,395,405,404,552,363,345,0,0,8,9,10,8,0,0,0,0,0,0,0,0,0,0,0,0]} 1. c4 c6 2. g3 d5 3. Bg2 Nf6 4. Nf3 Bf5 5. Qb3 Qb6 6. d3 e6 {A11: English Opening: 1...c6} 7. Be3 {LiveBook: 19 Games} (7. O-O Be7 8. Qc2 O-O 9. cxd5 cxd5 10. Be3 Qa6 11. Rc1 Ng4 12. Bf4 Nc6 13. h3 Nf6 14. Ne5 Nxe5 15. Bxe5 {½-½ (47) Eljanov,P (2757)-Malakhov,V (2698) Novi Sad 2016}) 7... Qa6 8. cxd5 exd5 9. Nc3 $146 ({Predecessor:} 9. O-O Be7 10. Nc3 O-O 11. Nd4 Bc8 12. h3 Re8 {0-1 (43) Hergott,D (2365)-Stone,R (2345) Canada 1989}) 9... Nbd7 10. O-O Be7 11. h3 h6 12. Nd4 Bh7 13. f4 O-O 14. Nf3 (14. a4 $11) 14... Rfe8 15. Bf2 b5 16. a3 Bd6 17. Rae1 Rab8 18. Qc2 c5 19. e4 (19. b4 $5) 19... b4 20. axb4 cxb4 21. Ra1 Qc8 22. e5 bxc3 23. bxc3 Bc5 24. exf6 Bxf2+ 25. Rxf2 {Strongly threatening fxg7.} Re3 26. fxg7 (26. Rxa7 Rxd3 27. Qe2 Nxf6 $15) 26... Rxd3 27. f5 Bxf5 {aiming for ...Rxf3!} 28. Qc1 Kxg7 $2 (28... Rb6 $1 $11 {and Black stays safe.}) 29. Qf4 (29. Nh4 $1 $18 {[%cal Rh4f5] and the rest is easy.} Be6 30. Rxf7+ $3 {[%mdl 512]} Kxf7 31. Qf1+ Kg8 32. Qxd3) 29... Bg6 (29... Qxc3 $16 30. Rxa7 Rb1+ 31. Kh2 Qc1) 30. Rxa7 (30. Nh4 $1 $18 {[%cal Rh4g6]} Rb6 31. Nxg6 (31. Rxa7 Rf6 $17)) 30... Rb7 31. Rxb7 Qxb7 32. Bf1 $36 {[%mdl 2048] White is on the roll.} Rd1 {[#]} 33. Nh4 $1 {[%cal Rh4g6]} Qb1 $2 (33... Nf8 $16) 34. Nxg6 $18 Qxg6 {[#]} 35. Qa4 $1 {[%csl LRd1,LRd7][%cal Ra4d1]} Rxf1+ 36. Kxf1 {[%mdl 4096] Endgame KQR-KQN} Ne5 37. Qd4 Qe6 38. Kg2 f6 39. Re2 Qa6 (39... h5 $142 40. Ra2 Nf7) 40. Rb2 Qa8 (40... Qe6 $142 41. g4 Nf7) 41. Qb6 Kg6 42. Qb8 ({Not} 42. Rf2 d4+ 43. Kg1 Nf3+ 44. Kf1 Nh2+ 45. Kg1 (45. Rxh2 Qa1+ 46. Ke2 Qa2+ 47. Kd3 Qxh2 $14) 45... Nf3+ 46. Kf1 Nh2+ 47. Kg1 (47. Rxh2 Qa1+ 48. Ke2 Qa2+ 49. Kd3 Qxh2 $14) 47... Nf3+ $14) 42... Qc6 43. Qg8+ Kh5 44. Rf2 $2 (44. Kh2 $18 {Threatening mate with Rf2.} d4 45. Qg7 (45. cxd4 Nf3+ 46. Kg2 Nxd4+ 47. Kf2 Qf3+ 48. Kg1 Ne2+ 49. Rxe2 Qxe2 $11) 45... Nf3+ 46. Kh1 Ng5+ 47. Rg2) 44... d4+ $1 $11 {The position is equal.} 45. Kg1 {[%cal Rf2f5]} Nf3+ 46. Kf1 {[%csl Gh3][%cal Rg8g4]} Ng5 47. Rf4 {[%csl Gg3][%cal Rf4h4]} Qb5+ $1 ({Don't go for} 47... Qh1+ $2 48. Ke2 $18) 48. Ke1 {[%csl Gg3][%cal Rf4h4]} Qb1+ 49. Kd2 {[%csl Gg3][%cal Rf4h4]} Qb2+ 50. Kd1 {[%csl Gg3][%cal Rf4h4]} Qb1+ 51. Kd2 {[%csl Gg3][%cal Rf4h4]} Qb2+ 52. Kd1 {[%csl Gg3][%cal Rf4h4]} Qb1+ {Precision: White = 46%, Black = 32%.} 1/2-1/2

[Event "IOM Open-Masters 2017"]
[Site "Douglas"]
[Date "2017.09.29"]
[Round "7"]
[White "Maloberti, David"]
[Black "Harari, Zaki"]
[Result "1-0"]
[WhiteElo "2132"]
[BlackElo "2027"]
[Annotator "TA"]
[PlyCount "111"]
[EventDate "2017.??.??"]
[EventType "swiss"]
[EventCountry "GBR"]
[SourceTitle "playchess.com"]
[Source "ChessBase"]
[SourceQuality "1"]

{[%evp 15,111,33,87,45,50,41,50,58,87,95,105,82,97,22,125,97,102,30,39,5,18,0,-5,-71,0,-73,-31,-70,50,0,75,-13,105,-66,19,0,124,0,22,20,82,70,79,75,135,24,37,33,189,181,165,-36,0,-118,-108,-912,-920,-1261,-922,-908,-452,-1155,-530,-487,0,0,0,0,0,-258,-235,-695,-662,-723,-475,-416,-366,-377,-354,-917,-895,-765,106,100,138,149,1228,1220,1201,1170,930,751,2608,2244,29984,29985,29992,29992]} 1. d4 Nf6 2. c4 c5 3. d5 d6 4. Nc3 g6 5. e4 Bg7 6. Be2 O-O 7. Nf3 e6 8. O-O Na6 (8... Re8 $14) 9. Bg5 {E91: King's Indian: Classical: 6 Be2, unusual replies including 6...c5 and 6...Bg4} h6 10. Be3 (10. Bh4 exd5 11. cxd5 g5 12. Bg3 Nh5 13. Nd2 Nxg3 14. hxg3 Nc7 15. a4 f5 16. exf5 Bxf5 17. Nc4 Bd4 18. Bd3 Qd7 19. Bxf5 Rxf5 20. Ne2 Rxd5 21. Qb3 Qf7 22. Rad1 {1-0 (43) Lautier,J (2672)-Bauer,C (2641) Chartres 2005}) 10... Ng4 11. Bf4 $146 {White is slightly better.} ({Predecessor:} 11. Bd2 Re8 12. h3 Nf6 13. Bd3 exd5 14. exd5 Qb6 15. b3 Nb4 16. Bb1 Bd7 {1-0 (45) Willmann,B (1676)-Lindstrom,T (1379) LSS email 2012}) 11... e5 12. Bd2 f5 13. h3 Nf6 14. Nh4 (14. exf5 $16 gxf5 15. Qc1) 14... Kh7 (14... Nxe4 $11 15. Nxe4 (15. Nxg6 Nxd2 16. Qxd2 Rf6 $14) 15... fxe4 16. Nxg6 Rf6) 15. exf5 $16 gxf5 16. Nf3 (16. g3 $1 $16) 16... Nc7 $11 17. Nh2 Qe8 18. f4 {White wants to play fxe5.} e4 {Threatening ...b5!} 19. Be3 {[#]} (19. a4 $11) 19... h5 (19... b5 $1 $17 {[%mdl 512] Threatens to win with ...bxc4.} 20. cxb5 (20. Nxb5 Nxb5) 20... Bb7) 20. Qe1 (20. Rf2 $11) 20... Qg6 (20... b5 $5 21. Rc1 bxc4 22. Bxc4 Nd7 $17) 21. Qh4 {[#]} Bh6 (21... b5 $1 $15 {[%mdl 512]} 22. Rfd1 (22. Nxb5 Nxb5) 22... bxc4) 22. Kf2 {[#]} Rg8 (22... b5 $1 $11 {[%mdl 512]}) 23. Rg1 $16 {[#]} Bd7 (23... b5 $1 $11 {[%mdl 512]}) 24. g3 $2 {[#]} (24. Raf1 $16) 24... Rg7 (24... b5 $1 $15 {[%mdl 512]}) 25. Rg2 $11 {[#] Hoping for g4!} Rh8 {[#]} (25... b5 $1 $11 {[%mdl 512] remains equal.}) 26. Rb1 ({White should play} 26. g4 $1 $16 {[%mdl 512]}) 26... Kg8 27. b4 cxb4 (27... b6 $1 $11) 28. Rxb4 $16 b6 29. Rb3 Na6 (29... Kf7 $142) 30. Bd4 (30. Ra3 $16 Nb4 31. Rxa7) 30... Rf7 $11 31. Ra3 Bc8 $2 (31... Bg7 $14 32. Kg1 (32. Rxa6 $2 Ng4+ 33. Nxg4 hxg4 $19) 32... Ne8 33. Bxg7 Qxg7) 32. Nb5 $18 Bg7 33. Ke3 $2 (33. Nxd6 $2 Ng4+ $1 {[%mdl 512]} 34. Ke1 Qxd6 $19) (33. Kg1 $1 $18) 33... Nb4 {White must now prevent ...Nc2+.} 34. Bf1 (34. Kd2 $11 {was the only way to keep the balance.} e3+ 35. Kc1) 34... a6 $36 {[%mdl 2048] Black is really pushing.} 35. Nxd6 $2 {[%mdl 8192] [#]} (35. Nc3 $17) 35... Nfxd5+ $1 $19 {[%mdl 512]} 36. cxd5 Nxd5+ 37. Ke2 Bxd4 (37... Qxd6 $142 38. Bxg7 Kxg7 39. Qg5+ Kf8) 38. Nxf7 (38. Qg5 $142 Qxg5 39. fxg5) 38... Bf6 (38... Kxf7 $142 39. g4 hxg4) 39. Ng5 Qe8 $2 (39... Qg7 $19 40. Kd1 Be7) 40. Kd1 $1 $11 Qe7 41. Rb3 $1 {Strongly threatening Bc4.} Be6 42. Bc4 $2 {[%mdl 8192]} (42. Rd2 $11 {and White is okay.}) 42... Qc5 $1 $19 {[%cal Rc5c4]} 43. Bxd5 $2 (43. Nxe6 Qxc4 44. Rc2 Ne3+ 45. Rxe3 Qxe6 46. Qxf6 (46. Rc8+ $2 Kg7 $19) 46... Qxf6 47. Ke2) 43... Bxd5 44. g4 Bxb3+ 45. axb3 {gxf5 is the strong threat.} Rh7 46. Qe1 {[#]} Rc7 $1 47. Ke2 $2 (47. Qd2 Qb5 48. Qa2 (48. gxh5 $2 Qxb3+ 49. Ke2 Rc2 $19)) 47... Qb5+ 48. Kf2 {[%cal Be2f2,Bf2g3,Bg3h4,Bh4h5][%mdl 32]} Bd4+ $2 (48... Rc2+ $19 49. Kg3 {[#]} h4+ $1 {[%mdl 512]} 50. Kxh4 Rxg2) 49. Kg3 $16 {And now gxf5 would win.} Rc3+ 50. Kh4 Qxb3 $2 {[%mdl 8192]} (50... Bf6 $16) 51. gxf5 $18 Bf6 52. Kxh5 Bxg5 53. Rxg5+ ({And not} 53. Kxg5 Kf8 $11) 53... Kh7 54. h4 e3 55. Rg6 Qf7 56. Qxc3 {Precision: White = 29%, Black = 20%.} 1-0

[Event "IOM Open-Masters 2017"]
[Site "Douglas"]
[Date "2017.09.29"]
[Round "7"]
[White "Babar, Michael"]
[Black "Gaponenko, Inna"]
[Result "0-1"]
[WhiteElo "2130"]
[BlackElo "2437"]
[Annotator "TA"]
[PlyCount "94"]
[EventDate "2017.??.??"]
[EventType "swiss"]
[EventCountry "GBR"]
[SourceTitle "playchess.com"]
[Source "ChessBase"]
[SourceQuality "1"]

1. d4 Nf6 2. Bf4 d5 3. e3 c5 4. c3 Nc6 5. Nf3 Qb6 6. Qc1 Nh5 7. Bg3 Nxg3 8. hxg3 g6 9. Bd3 Bg7 10. Nbd2 e5 11. dxe5 Nxe5 12. Nxe5 Bxe5 13. Nf3 Bg7 14. Qd2 h6 15. O-O O-O 16. Rac1 a5 17. Rfe1 a4 18. e4 dxe4 19. Bxe4 Be6 20. c4 Qxb2 21. Bxg6 Qxd2 22. Nxd2 Rfd8 23. Nf3 Bb2 24. Rc2 a3 25. Be4 Rab8 26. Nh4 Rd4 27. Bd5 Bxd5 28. cxd5 Rxd5 29. g4 Kf8 30. Nf5 b5 31. Re3 h5 32. Ne7 Rg5 33. gxh5 Rd8 34. Rce2 Rd1+ 35. Kh2 Rxh5+ 36. Kg3 Bf6 37. f4 c4 38. Kg4 Rh4+ 39. Kf3 Rh5 40. Kg4 Rh4+ 41. Kg3 Bxe7 42. Rxe7 Rh6 43. f5 c3 44. Re8+ Kg7 45. Rc8 b4 46. Ree8 Rhd6 47. Kf4 R6d4+ 0-1

[Event "IOM Open-Masters 2017"]
[Site "Douglas"]
[Date "2017.09.29"]
[Round "7"]
[White "Fischer, Daniel"]
[Black "Dahl, Baard"]
[Result "1-0"]
[WhiteElo "2116"]
[BlackElo "1974"]
[Annotator "TA"]
[PlyCount "57"]
[EventDate "2017.??.??"]
[EventType "swiss"]
[EventCountry "GBR"]
[SourceTitle "playchess.com"]
[Source "ChessBase"]
[SourceQuality "1"]

1. e4 e5 2. Nf3 Nc6 3. Bc4 Bc5 4. O-O Nf6 5. d3 O-O 6. h3 d6 7. c3 a5 8. Re1 h6 9. Nbd2 a4 10. Bb5 Bd7 11. Nf1 Qc8 12. Bxa4 Bxh3 13. gxh3 Rxa4 14. Qxa4 Qxh3 15. N3h2 Ng4 16. Be3 Ne7 17. Qd1 f5 18. Bxc5 Ng6 19. Qf3 Qh5 20. Qg3 Nh4 21. Nxg4 fxg4 22. Nh2 dxc5 23. Re3 Rf6 24. Rd1 Nf3+ 25. Kh1 Rg6 26. Rxf3 gxf3 27. Qxf3 Qg5 28. Qh3 Qf4 29. Qf5 1-0

[Event "IOM Open-Masters 2017"]
[Site "Douglas"]
[Date "2017.09.29"]
[Round "7"]
[White "Burrows, Martin P"]
[Black "Seyfried, Claus"]
[Result "0-1"]
[WhiteElo "2085"]
[BlackElo "2173"]
[Annotator "TA"]
[PlyCount "158"]
[EventDate "2017.??.??"]
[EventType "swiss"]
[EventCountry "GBR"]
[SourceTitle "playchess.com"]
[Source "ChessBase"]
[SourceQuality "1"]

1. e4 Nf6 2. e5 Nd5 3. d4 d6 4. c4 Nb6 5. exd6 exd6 6. Nc3 Be7 7. Bd3 O-O 8. Nge2 Nc6 9. b3 Bf6 10. Be3 Bg4 11. Qd2 d5 12. c5 Nc8 13. h3 Bxe2 14. Nxe2 Re8 15. O-O N8e7 16. b4 Qd7 17. b5 Nd8 18. Bg5 Bxg5 19. Qxg5 Ng6 20. Rfe1 Ne6 21. Qd2 Qe7 22. Nc3 c6 23. Bxg6 hxg6 24. Re5 Qh4 25. Rae1 Kf8 26. Qe3 Re7 27. Kh2 Rae8 28. g3 Qh6 29. Qd3 Nxc5 30. Qd1 Rxe5 31. dxe5 Ne6 32. f4 Qh5 33. Qd3 Qf5 34. Qd2 g5 35. Ne2 gxf4 36. gxf4 g5 37. bxc6 bxc6 38. Rf1 Nxf4 39. Nxf4 gxf4 40. Qb4+ Re7 41. Qb8+ Re8 42. Qd6+ Kg7 43. Rg1+ Kh7 44. Rg4 Qe6 45. Qc5 Qxe5 46. Rh4+ Kg7 47. Rg4+ Kf6 48. Qxc6+ Re6 49. Qc1 Qe2+ 50. Rg2 Qe3 51. Qc7 Qe5 52. Qd8+ Re7 53. Qh8+ Ke6 54. Qc8+ Rd7 55. Qe8+ Kd6 56. Qb8+ Rc7 57. Qd8+ Kc6 58. Rc2+ Kb7 59. Rxc7+ Qxc7 60. Qxd5+ Kb6 61. Qb3+ Kc5 62. Qc3+ Kd6 63. Qd4+ Ke6 64. Qe4+ Kf6 65. Kg2 Kg5 66. Qd5+ Kh4 67. Qf5 Qb7+ 68. Kf2 Qb6+ 69. Kf1 Qa6+ 70. Kf2 Qxa2+ 71. Kf1 Qc4+ 72. Kf2 Qa2+ 73. Kf1 Qc4+ 74. Kf2 Qd4+ 75. Kf1 Qd1+ 76. Kf2 Qd2+ 77. Kf1 Kg3 78. Qg4+ Kh2 79. h4 Qd3+ 0-1

[Event "IOM Open-Masters 2017"]
[Site "Douglas"]
[Date "2017.09.29"]
[Round "7"]
[White "Maroroa, Sue"]
[Black "Fenil, Shah"]
[Result "0-1"]
[WhiteElo "2083"]
[BlackElo "2362"]
[Annotator "TA"]
[PlyCount "66"]
[EventDate "2017.??.??"]
[EventType "swiss"]
[EventCountry "GBR"]
[SourceTitle "playchess.com"]
[Source "ChessBase"]
[SourceQuality "1"]

1. e4 c5 2. Nf3 e6 3. g3 Nc6 4. Bg2 g6 5. O-O Bg7 6. c3 e5 7. d3 Nge7 8. Be3 b6 9. d4 Ba6 10. dxc5 Bxf1 11. Qxf1 bxc5 12. Bxc5 O-O 13. Na3 d6 14. Be3 Rb8 15. b4 d5 16. Bc5 dxe4 17. Ng5 Qc7 18. Nb5 Qd7 19. Nd6 h6 20. Ngxe4 f5 21. Nd2 e4 22. f3 Qe6 23. Rc1 Nd5 24. Qc4 Ne5 25. Qa6 Nd3 26. Rf1 Nxc5 27. bxc5 e3 28. Nb3 e2 29. Re1 Qe3+ 30. Kh1 Nxc3 31. Qa3 Kh7 32. Qb2 Qxc5 33. Qd2 Qb4 0-1

[Event "IOM Open-Masters 2017"]
[Site "Douglas"]
[Date "2017.09.29"]
[Round "7"]
[White "Byron, Alan M"]
[Black "Piasetski, Leon"]
[Result "1/2-1/2"]
[WhiteElo "2074"]
[BlackElo "2286"]
[Annotator "TA"]
[PlyCount "39"]
[EventDate "2017.??.??"]
[EventType "swiss"]
[EventCountry "GBR"]
[SourceTitle "playchess.com"]
[Source "ChessBase"]
[SourceQuality "1"]

1. e4 g6 2. d4 Bg7 3. Nf3 d6 4. Bc4 c6 5. Bb3 d5 6. e5 Bg4 7. h3 Bxf3 8. Qxf3 e6 9. c3 f6 10. exf6 Nxf6 11. Qe2 Qd6 12. O-O Nbd7 13. Re1 Kf7 14. Bf4 Qxf4 15. Qxe6+ Kf8 16. Qe7+ Kg8 17. Qe6+ Kf8 18. Qe7+ Kg8 19. Qe6+ Kf8 20. Qe7+ 1/2-1/2

[Event "IOM Open-Masters 2017"]
[Site "Douglas"]
[Date "2017.09.29"]
[Round "7"]
[White "Thilakarathne, G M H"]
[Black "Arakhamia-Grant, Ketevan"]
[Result "0-1"]
[WhiteElo "2053"]
[BlackElo "2369"]
[Annotator "TA"]
[PlyCount "94"]
[EventDate "2017.??.??"]
[EventType "swiss"]
[EventCountry "GBR"]
[SourceTitle "playchess.com"]
[Source "ChessBase"]
[SourceQuality "1"]

1. e4 c5 2. Nf3 Nc6 3. d4 cxd4 4. Nxd4 e5 5. Nb5 d6 6. N1c3 a6 7. Na3 Be7 8. Nc4 b5 9. Ne3 Nf6 10. Bd3 O-O 11. O-O Be6 12. Ned5 Nd7 13. f4 exf4 14. Nxf4 Nce5 15. Ncd5 Bg5 16. Kh1 Rb8 17. Be3 h6 18. Qd2 a5 19. h3 Nc5 20. b3 Re8 21. Rad1 b4 22. Qf2 Rc8 23. Bd4 Bxf4 24. Nxf4 Qe7 25. Bb2 Red8 26. Qd4 Qg5 27. Nd5 Ncxd3 28. cxd3 Rc2 29. Ne3 Re2 30. Rfe1 Rxe1+ 31. Rxe1 Qg3 32. Rf1 f6 33. Qb6 Rc8 34. Qxd6 Bxh3 35. Bxe5 fxe5 36. gxh3 Qxh3+ 37. Kg1 Qxe3+ 38. Kh1 Qh3+ 39. Kg1 Qg4+ 40. Kh1 Qh5+ 41. Kg1 Rc2 42. Qf8+ Kh7 43. Qf5+ Qxf5 44. Rxf5 Rxa2 45. Rxe5 a4 46. bxa4 b3 47. Rb5 b2 0-1

[Event "IOM Open-Masters 2017"]
[Site "Douglas"]
[Date "2017.09.29"]
[Round "7"]
[White "Prueske, Wolfgang"]
[Black "Birkisson, Bardur Orn"]
[Result "0-1"]
[WhiteElo "2046"]
[BlackElo "2164"]
[Annotator "TA"]
[PlyCount "50"]
[EventDate "2017.??.??"]
[EventType "swiss"]
[EventCountry "GBR"]
[SourceTitle "playchess.com"]
[Source "ChessBase"]
[SourceQuality "1"]

1. e4 e5 2. Nf3 Nc6 3. d4 exd4 4. Nxd4 Nf6 5. Nxc6 bxc6 6. Qe2 d5 7. e5 Ne4 8. Nd2 Nxd2 9. Bxd2 c5 10. O-O-O Be7 11. g3 Rb8 12. Ba5 Qd7 13. Kb1 c4 14. Bc3 O-O 15. Bg2 c6 16. h4 Qb7 17. Ka1 Bc5 18. b3 Be6 19. Rb1 d4 20. Bb2 Qa6 21. c3 d3 22. Qd2 cxb3 23. Bc1 Rb5 24. Be4 Ra5 25. Rb2 Ba3 0-1

[Event "IOM Open-Masters 2017"]
[Site "Douglas"]
[Date "2017.09.29"]
[Round "7"]
[White "Mai, Aron Thor"]
[Black "Mannion, Stephen R"]
[Result "1-0"]
[WhiteElo "2039"]
[BlackElo "2320"]
[Annotator "TA"]
[PlyCount "95"]
[EventDate "2017.??.??"]
[EventType "swiss"]
[EventCountry "GBR"]
[SourceTitle "playchess.com"]
[Source "ChessBase"]
[SourceQuality "1"]

1. e4 e5 2. Nf3 Nc6 3. d4 exd4 4. Nxd4 Nf6 5. Nxc6 bxc6 6. e5 Qe7 7. Qe2 Nd5 8. c4 Ba6 9. b3 g6 10. f4 d6 11. Qf2 Nf6 12. Be2 dxe5 13. Nc3 Bg7 14. O-O O-O 15. Be3 Rfd8 16. f5 e4 17. fxg6 fxg6 18. Rac1 Bc8 19. Bg5 Rf8 20. Qh4 Bf5 21. Na4 Rae8 22. Be3 Qe5 23. Bxa7 h5 24. h3 Rd8 25. Be3 Nh7 26. Bf4 Qd4+ 27. Kh1 Bf6 28. Qe1 Qa7 29. c5 Kg7 30. Bc4 Rd7 31. Be3 Rfd8 32. Qe2 h4 33. Rf2 Qa5 34. Rcf1 Qb4 35. Qc2 Ng5 36. Qc1 Nf7 37. a3 Qa5 38. Be6 Bxe6 39. Rxf6 Bf5 40. Qb2 Rd2 41. Bxd2 Rxd2 42. R6xf5+ Rxb2 43. Rxf7+ Kh6 44. Nxb2 Qxa3 45. Nc4 Qxb3 46. Ne5 Qd5 47. Ng4+ Kg5 48. Re7 1-0

[Event "IOM Open-Masters 2017"]
[Site "Douglas"]
[Date "2017.09.29"]
[Round "7"]
[White "Zahn, Alina"]
[Black "Ledger, Andrew J"]
[Result "0-1"]
[WhiteElo "2025"]
[BlackElo "2361"]
[Annotator "TA"]
[PlyCount "86"]
[EventDate "2017.??.??"]
[EventType "swiss"]
[EventCountry "GBR"]
[SourceTitle "playchess.com"]
[Source "ChessBase"]
[SourceQuality "1"]

1. e4 c6 2. d4 d5 3. Nc3 dxe4 4. Nxe4 Nd7 5. Nf3 Ngf6 6. Qd3 Nxe4 7. Qxe4 Nf6 8. Qf4 g6 9. Be2 Bg7 10. O-O O-O 11. b3 Bf5 12. c4 a5 13. Bb2 a4 14. Qe3 Qb6 15. Nh4 Bc2 16. Bd1 axb3 17. Bxc2 bxc2 18. Qc1 Ra4 19. Qxc2 Qa6 20. Rfc1 Bh6 21. Re1 Rxc4 22. Qb3 Nd5 23. a3 Rd8 24. Nf3 Ra4 25. Ne5 Bg7 26. Re4 Bxe5 27. Rxe5 Qb5 28. Qc2 Rc4 29. Qd2 Qb3 30. Rc1 Rxc1+ 31. Qxc1 e6 32. h3 Ne7 33. Re3 Qb5 34. Re5 Rd5 35. Re4 Nf5 36. Qc3 Qa4 37. Kh2 Nd6 38. Rg4 Qd1 39. Qe3 Nc4 40. Qc3 Nd2 41. Rf4 Nf1+ 42. Kg1 Ng3+ 43. Kh2 Ne2 0-1

[Event "IOM Open-Masters 2017"]
[Site "Douglas"]
[Date "2017.09.29"]
[Round "7"]
[White "Birkisson, Bjorn Holm"]
[Black "Bianco, Valerio"]
[Result "1-0"]
[WhiteElo "2023"]
[BlackElo "2086"]
[Annotator "NA RC"]
[PlyCount "117"]
[EventDate "2017.??.??"]
[EventType "swiss"]
[EventCountry "GBR"]
[SourceTitle "playchess.com"]
[Source "ChessBase"]
[SourceQuality "1"]

1. b3 e5 2. Bb2 d6 3. e3 Nf6 4. d4 exd4 5. exd4 Bf5 6. Nf3 Be7 7. Be2 O-O 8. d5 Ne4 9. c4 Bf6 10. Qc1 Nc5 11. Bxf6 Qxf6 12. Qc3 Nbd7 13. Qxf6 Nxf6 14. Nd4 Bd3 15. f3 Rfe8 16. Kd2 Bg6 17. Nc3 a6 18. Rhe1 Re5 19. Bf1 Rae8 20. Re2 Kf8 21. Rae1 h6 22. g3 Bh7 23. b4 Ncd7 24. f4 Rxe2+ 25. Rxe2 Rxe2+ 26. Bxe2 Ne4+ 27. Nxe4 Bxe4 28. Bg4 Nb6 29. Kc3 Ke7 30. Bh3 g6 31. Nb3 Bb1 32. a3 Na4+ 33. Kd4 Ba2 34. Nc1 Bb1 35. Bc8 c5+ 36. dxc6 bxc6 37. Bxa6 c5+ 38. bxc5 Nxc5 39. Bb5 Bf5 40. a4 Kd8 41. Kc3 Kc7 42. Nb3 Be6 43. Nd4 Bd7 44. Bxd7 Nxd7 45. Kb4 Nc5 46. Nb3 Ne4 47. a5 f6 48. Nd4 h5 49. Ne6+ Kb7 50. c5 d5 51. Nd4 g5 52. c6+ Ka6 53. fxg5 Nxg5 54. Kc5 Nf7 55. Kxd5 Ne5 56. Nf5 Ng6 57. Kd6 Ne5 58. Ne7 Nc4+ 59. Kc5 1-0

[Event "IOM Open-Masters 2017"]
[Site "Douglas"]
[Date "2017.09.29"]
[Round "7"]
[White "Nahnsen, Kenneth"]
[Black "Kavinda, Akila"]
[Result "0-1"]
[WhiteElo "2011"]
[BlackElo "2099"]
[Annotator "NA RC"]
[PlyCount "95"]
[EventDate "2017.??.??"]
[EventType "swiss"]
[EventCountry "GBR"]
[SourceTitle "playchess.com"]
[Source "ChessBase"]
[SourceQuality "1"]

1. e4 g6 2. d4 Bg7 3. Be3 d6 4. Nc3 a6 5. a4 Nf6 6. Be2 Nc6 7. f4 O-O 8. e5 dxe5 9. fxe5 Nd5 10. Nxd5 Qxd5 11. Nf3 Bf5 12. O-O Qe4 13. Ra3 Qxc2 14. Qxc2 Bxc2 15. Rc1 Be4 16. Bc4 Bxf3 17. gxf3 Rfd8 18. Rd3 e6 19. f4 Nb4 20. Rd2 c6 21. Kf2 Nd5 22. Bxd5 Rxd5 23. Rc5 Rad8 24. b4 Bf8 25. Rxd5 Rxd5 26. Rb2 Be7 27. h3 Kf8 28. Ke2 Ke8 29. Kd3 Kd7 30. a5 Rb5 31. Bd2 Bd8 32. Kc4 Bxa5 33. Bc3 Bb6 34. Ra2 Bd8 35. Ra1 Rd5 36. Be1 Kc7 37. Kd3 Be7 38. Kc4 Kb8 39. Ra2 Kc8 40. Ra1 Kb8 41. Ra2 Ka7 42. Ra1 b6 43. Ra2 Kb7 44. Ra1 Bd8 45. Ra2 Bc7 46. Ra1 Bb8 47. Ra2 Ba7 48. Rb2 0-1

[Event "IOM Open-Masters 2017"]
[Site "Douglas"]
[Date "2017.09.29"]
[Round "7"]
[White "Acosta, Mariano"]
[Black "Kruse, Janik"]
[Result "1/2-1/2"]
[WhiteElo "2000"]
[BlackElo "2096"]
[Annotator "NA RC"]
[PlyCount "132"]
[EventDate "2017.??.??"]
[EventType "swiss"]
[EventCountry "GBR"]
[SourceTitle "playchess.com"]
[Source "ChessBase"]
[SourceQuality "1"]

1. Nf3 b6 2. g3 Bb7 3. Bg2 e6 4. d3 d5 5. O-O Nf6 6. Nbd2 Be7 7. e4 O-O 8. e5 Nfd7 9. d4 c5 10. c3 Nc6 11. a3 a5 12. Re1 Re8 13. Nf1 f6 14. h4 fxe5 15. dxe5 c4 16. Bf4 Nc5 17. Bh3 Bc8 18. Re3 Nd3 19. Rxd3 cxd3 20. Qxd3 Rf8 21. Re1 Qe8 22. N1h2 Nd8 23. Bg5 Nf7 24. Bxe7 Qxe7 25. Nd4 Bd7 26. f4 Rae8 27. Nhf3 Qc5 28. Kg2 Qc4 29. Qd2 Nh6 30. Ng5 Nf5 31. Bxf5 exf5 32. Nh3 Be6 33. Qc2 g6 34. Ng5 Bc8 35. h5 Kg7 36. Rh1 h6 37. Ngf3 g5 38. fxg5 hxg5 39. g4 Kh8 40. b3 Qc7 41. gxf5 Rxe5 42. Nxe5 Qxe5 43. Rf1 Ba6 44. Rf2 Qe3 45. Rf3 Qe5 46. Qd2 Bc8 47. Re3 Qf4 48. Qf2 Qg4+ 49. Qg3 Bxf5 50. Nxf5 Qxf5 51. Qe5+ Kh7 52. Qxf5+ Rxf5 53. Re6 d4 54. cxd4 Rd5 55. Rxb6 Rxd4 56. Rb5 a4 57. b4 Rd3 58. Rxg5 Rxa3 59. Ra5 Kh6 60. Kf2 Ra1 61. b5 a3 62. b6 a2 63. b7 Rb1 64. Rxa2 Rxb7 65. Ra5 Rb4 66. Kg3 Rc4 1/2-1/2

[Event "IOM Open-Masters 2017"]
[Site "Douglas"]
[Date "2017.09.29"]
[Round "7"]
[White "Hopson, Kevin Mike"]
[Black "Pranav Anand"]
[Result "0-1"]
[WhiteElo "1929"]
[BlackElo "2105"]
[Annotator "TA"]
[PlyCount "46"]
[EventDate "2017.??.??"]
[EventType "swiss"]
[EventCountry "GBR"]
[SourceTitle "playchess.com"]
[Source "ChessBase"]
[SourceQuality "1"]

1. e4 e5 2. Nf3 Nc6 3. d4 exd4 4. Nxd4 Nf6 5. Nc3 Bb4 6. Nxc6 bxc6 7. Bd3 d5 8. exd5 cxd5 9. O-O O-O 10. h3 Be6 11. Qf3 Rb8 12. Ne2 Be7 13. Nd4 Qd7 14. Re1 Bc5 15. Nf5 Ne4 16. Bxe4 dxe4 17. Nh6+ Kh8 18. Qh5 Rb5 19. Qh4 f5 20. Bg5 gxh6 21. Bf6+ Kg8 22. Rad1 Qf7 23. Bc3 Qg6 0-1

[Event "IOM Open-Masters 2017"]
[Site "Douglas"]
[Date "2017.09.29"]
[Round "7"]
[White "Vignesh B"]
[Black "Karavade, Eesha"]
[Result "1/2-1/2"]
[WhiteElo "1712"]
[BlackElo "2384"]
[Annotator "TA"]
[PlyCount "59"]
[EventDate "2017.??.??"]
[EventType "swiss"]
[EventCountry "GBR"]
[SourceTitle "playchess.com"]
[Source "ChessBase"]
[SourceQuality "1"]

1. e4 c5 2. Nf3 d6 3. Bb5+ Nd7 4. d4 cxd4 5. Qxd4 a6 6. Bxd7+ Bxd7 7. O-O Rc8 8. Nc3 e5 9. Qb4 b5 10. a4 a5 11. Qb3 bxa4 12. Nxa4 Rb8 13. Qd3 Be7 14. Nc3 Nf6 15. Bg5 Be6 16. b3 O-O 17. Rfd1 Qc7 18. Ra2 Qc5 19. Bxf6 Bxf6 20. Nd5 Bd8 21. Ne3 Bc7 22. Nd2 Rb4 23. Ndc4 Bxc4 24. Nxc4 Bb6 25. Rd2 Rd8 26. Qd5 Qc7 27. Nxb6 Qxb6 28. Qxa5 Rxe4 29. Kf1 Rb4 30. Qxb6 1/2-1/2